00209nam a2200073Ia 4500008004100000082000800041100002000049245006600069240331s9999 xx 000 0 und d bTHI aThiruchandran,S 0aPunaivugal Ninaivugal Nijangal :b Oru Aaivunilaith Thoguppu